000 00292nam a22001337a 4500
008 170412b xxu||||| |||| 00| 0 eng d
020 _a9780816065912
041 _aeng
080 _23RD
_a612.39
100 _a10
101 _aSHM
245 _aCAREERS IN FOCUS
_cFERGUSON
942 _2udc
_cBK
999 _c10485
_d10485